000 00439ntaaa2200181 4500
003 01
005 20251027203002.0
008 0714s1973 ag 01
040 _aAR-BaBN
_bspa
_cAR-BaBN
_eaacr
_dRIC
082 _a998.2000 G37
100 _aGilberg, Aage
_930831
245 _aMédico de esquimales
250 _a1 ed.
260 _aBarcelona :
_bEditorial Iberia,
_cc1949
300 _a156 p
650 _aesquimales
_930832
942 _cBK
999 _c25265
_d25265